000 01100nam a2200277Ia 4500
003 OSt
005 20221005110332.0
006 a|||||r|||| 00| 0
007 ta
008 221004b |||||||| |||| 00| 0 hin d
020 _a9788179759639 (hbk)
_cINR 450.00
024 _a43367
037 _b1424, 11/03/2019, Shivanjali Prakashan & Book Seller
_cTextual
040 _aCRL
_cCRL
_bhin
041 _2hin
_ahin
082 _aX.2, 152Q8
100 _aआनंद कुमार, ले.
245 0 _aजनांदोलन और स्वराज की अर्थनीति
246 _aJanāandolan aur svarāj kī arthanīti
260 _aनई दिल्ली
_bअनामिका पब्लिशर्स भारत
_c2018
300 _a143पृ0
_ccm.
490 _aबहस आज की जरूरत; श्रृंखला 4
650 _aअर्थशास्त्र
942 _hX.2, 152Q8
_cTEXL
_2cc
999 _c1018485
_d1018485